| 000 | 00420nam a2200145Ia 4500 | ||
|---|---|---|---|
| 008 | 151213s9999 xx 000 0 und d | ||
| 100 | _aSimon Commander | ||
| 245 |
_aEnterprise Re - Structuring & Unemployment in Model of Transmission _cSimon Commander |
||
| 260 |
_aWashington D. C _bWarld Bank _c1998 |
||
| 300 | _a2046 p. | ||
| 650 | _aManagement | ||
| 650 | _aManagement | ||
| 700 | _aSimon Commander | ||
| 999 |
_c1501 _d1501 |
||